000 01277nam a2200241Ia 4500
003 Ost
005 20260416102359.0
008 260416s9999||||xx |||||||||||||| ||und||
040 _cfsecg
041 _aara
082 _a1.6
100 _aقيدوم، حسيبة
_eمؤلف
245 0 _a الأنظمة المعلوماتية :
_bالمستوى : السنة الثانية ماستر ، التخصص: اتصال تنظيمي السداسي الثالث /
_c حسيبة قيدوم
260 _aالجزائر
_bجامعة الجزائر3: كلية العلوم الإقتصادية، العلوم التجارية وعلوم التسيير
_c2021
300 _a71 ورقة
_bايضاحات
_c30 سم
504 _aالمراجع ص.70
520 _aالمعلومات وأهميتها في حياة المنظمة، نظم المعلومات وقواعد البيانات، أمن المعلومات وأمن نظام المعلومات.
653 _aاختزان واسترجاع المعلومات
653 _aقواعد البيانات
653 _aنظم المعلومات
710 _aجامعة الجزائر3: كلية العلوم الإقتصادية، العلوم التجارية وعلوم التسيير
_eناشر علمي
942 _cHANDOUT
999 _c41352
_d41352